Romanian journal of European affairs
| Autor Corporativo: | |
|---|---|
| Formato: | Electrónico Revista |
| Lenguaje: | inglés francés rumano |
| Publicado: |
Bucureşti, Romania :
Institutul European din România
|
| Materias: | |
| Acceso en línea: | Full text available from Research Library: 03/01/2010 to present |
MARC
| LEADER | 00000nas a2200000 a 4500 | ||
|---|---|---|---|
| 001 | ssj0000331912 | ||
| 003 | WaSeSS | ||
| 005 | 20200512172242.0 | ||
| 006 | m d | ||
| 007 | cr n | ||
| 008 | 120307c20019999rm qr p s 0 0eng c | ||
| 010 | |a 2012222277 | ||
| 022 | |a 1841-4273 |l 1582-8271 |y 1582-8271 | ||
| 035 | |a (WaSeSS)ssj0000331912 | ||
| 040 | |a UCILW |b eng |c UCILW |d UCILW |d CLU |d EUM |d SELUL |d OCLCQ |d OCLCA |d OCLCF |d COO |d OCLCO |d OCL |d OCLCO |d OCLCQ |d OCLCA |d OCLCQ |d YOR |d WaSeSS | ||
| 041 | 0 | |a eng |a fre |a rum |b eng | |
| 042 | |a pcc | ||
| 043 | |a e-rm--- |a e------ | ||
| 050 | 1 | 4 | |a JN26 |
| 210 | 0 | |a Rom. j. Eur. aff. (Online) | |
| 222 | 0 | |a Romanian journal of European affairs (Online) | |
| 245 | 0 | 0 | |a Romanian journal of European affairs |h [electronic resource]. |
| 246 | 1 | |a RJEA | |
| 246 | 1 | |a Romanian j. Eur. aff | |
| 260 | |a Bucureşti, Romania : |b Institutul European din România | ||
| 310 | |a Quarterly | ||
| 362 | 1 | |a Began with v. 1, no. 1 (Dec. 2001). | |
| 506 | |a License restrictions may limit access. | ||
| 546 | |a Chiefly in English; some articles in French and Romanian; summaries in English. | ||
| 588 | |a Description based on: Vol. 1, no. 1 (Dec. 2001); title from journal home page (publisher's Web site, viewed on Mar. 18, 2012). | ||
| 588 | |a Latest issue consulted: Vol. 12, no. 1 (Mar. 2012) (publisher's Web site, viewed on Mar. 18, 2012). | ||
| 610 | 2 | 0 | |a European Union |v Periodicals. |
| 610 | 2 | 7 | |a European Union. |2 fast |0 (OCoLC)fst00916630 |
| 650 | 7 | |a Diplomatic relations. |2 fast |0 (OCoLC)fst01907412 | |
| 650 | 7 | |a Politics and government |2 fast |0 (OCoLC)fst01919741 | |
| 651 | 0 | |a Romania |x Foreign relations |v Periodicals. | |
| 651 | 0 | |a Europe |x Politics and government |v Periodicals. | |
| 651 | 7 | |a Europe. |2 fast |0 (OCoLC)fst01245064 | |
| 651 | 7 | |a Romania. |2 fast |0 (OCoLC)fst01205085 | |
| 653 | |a european integration | ||
| 653 | |a enlargement | ||
| 653 | |a european union | ||
| 653 | |a romania | ||
| 655 | 0 | |a Electronic journals. | |
| 710 | 2 | |a Institutul European din România. | |
| 776 | 0 | 8 | |i Print version: |t Romanian journal of European affairs |x 1582-8271 |w (DLC) 2009213575 |w (OCoLC)457045989 |
| 856 | 4 | 0 | |z Full text available from Research Library: 03/01/2010 to present |u https://search.proquest.com/publication/75965 |